000 01117aab a2200241 i 4500
001 768714001
003 CO-MdFUSB
005 20240802123632.0
008 240802t1995 -us||||| |||| 00| 0 eng d
040 _bspa
_cCO-MdFUSB
041 _aeng
100 1 _aSmith, A. Christopher
_eautor
245 1 0 _aMission research and the path to CD-ROM :
_breport on the global quest to share information
_c/ A. Christopher Smith
520 _a La necesidad de hacer que los materiales de investigación misionera estén disponibles a escala global ha sido reconocida como un desafío en el campo de los estudios sobre misión, como lo analiza el autor, así como también la responsabilidad moral y el deber cristiano de compartir esta nueva riqueza en todo el mundo.
546 _aTexto en inglés.
650 0 _aMisiones
_9154
650 0 _aEvangelización
_9362
650 7 _aIglesia
_9655
650 7 _aAntropología cultural y social
_96714
773 0 _tInternational Bulletin
_049483
_961013
_gVolumen 19, (número 4, 1995), páginas: 146-152
942 _cANA
945 _aCatherine Arias Álvarez - Practicante SENA
999 _c57447
_d57447